Mariners who played in 2024 - Statistics

General Stats
  • This quiz has been taken 62 times
  • The average score is 24 of 50
Answer Stats
Position Player % Correct
C Cal Raleigh
98%
CF Julio Rodríguez
93%
SS J.P. Crawford
89%
SP Bryan Woo
87%
1B Ty France
87%
SP Logan Gilbert
85%
LF Randy Arozarena
83%
RP Andrés Muñoz
80%
2B Jorge Polanco
80%
SP Luis Castillo
80%
SP George Kirby
78%
DH Mitch Garver
78%
SP Bryce Miller
76%
RP Tyson Miller
72%
OF Victor Robles
72%
UT Dylan Moore
70%
UT Luke Raley
70%
RF Dominic Canzone
67%
3B Josh Rojas
61%
RF Mitch Haniger
61%
SP Emerson Hancock
59%
SS Leo Rivas
50%
2B Ryan Bliss
50%
RP Gabe Speier
46%
1B Justin Turner
39%
1B Tyler Locklear
39%
RP Eduard Bazardo
37%
RP Gregory Santos
33%
3B Luis Urías
33%
RP Tayler Saucedo
33%
RP Ryne Stanek
30%
RP Jonathan Díaz
28%
OF Sam Haggerty
28%
RP Trent Thornton
28%
RP Collin Snider
26%
RP Troy Taylor
26%
RP Yimi García
26%
LF Jonathan Clase
24%
OF Samad Taylor
24%
OF Cade Marlowe
22%
C Seby Zavala
22%
RP Jonathan Hernández
20%
RP Cody Bolton
17%
RP Austin Voth
15%
RP J.T. Chargois
15%
UT Jason Vosler
13%
RP Matt Bowman
13%
RP Mike Baumann
13%
RP Brett de Geus
11%
RP Kirby Snead
11%
No matching quizzes found
Score Distribution
Percent of People with Each Score
Percentile by Number Answered
Your Score History
You have not taken this quiz